000 00610nam a22002297a 4500
003 UA-OsUOA
001 49179
007 ta
008 20070925b un ||||| |||| 00| 0 ukr d
100 _aКиселев И.
090 _a82.09
_bК44
942 _cBK
040 _aUA-OsUOA
_brus
_cUA-OsUOA
_dUA-OsUOA
245 _aВстречи с современником
300 _a404 с.
955 _a1
041 _arus
080 _a82.09
260 _aМ.
_bСоветский писатель
_c1979
650 7 _a82 Література. Літературознавство
_2UDC
999 _c335276
_d335276